000 02939cam a22004935i 4500
999 _c128269
_d128269
001 20142415
003 ARRUPE
005 20181002090754.0
008 171115t20182018enka b 001 0 eng d
010 _a 2017960749
015 _aGBB800473
_2bnb
016 7 _a018665242
_2Uk
020 _a9780198736257 (hardcover)
020 _a0198736258 (hardcover)
035 _a(OCoLC)on1004729832
040 _aERASA
_beng
_cERASA
_erda
_dYDX
_dBDX
_dOCLCO
_dOCLCQ
_dCDX
_dEAU
_dOCLCF
_dGUA
_dEQO
_dCTX
_dDLC
042 _alccopycat
043 _ad------
050 0 0 _aHD75.8
_b.G645 2018
082 0 4 _a338.9
_223
100 1 _aGoldin, Ian,
_d1955-
_eauthor.
_942599
245 1 0 _aDevelopment :
_ba very short introduction /
_cIan Goldin.
260 _aOxford
_bOxford University Press
_c2018
300 _axxvi, 186 pages :
_billustrations ;
_c18 cm
490 0 _aVery short introductions ;
_v557
500 _a"First published in hardback as The Pursuit of Development 2016"--Title page verso.
504 _aIncludes bibliographical references (pages 153-175) and index.
505 0 _aWhat is development -- How does development happen? -- Why are some countries rich and others poor? -- What can be done to accelerate development? -- The evolution of development aid -- Sustainable development -- Globalization and development -- The future of development.
520 8 _aWhat do we mean by development? How can citizens, governments and the international community foster development? The process by which nations escape poverty and achieve economic and social progress has been the subject of extensive examination for hundreds of years. The notion of development itself has evolved from an original preoccupation with incomes and economic growth to a much broader understanding of development. In this 'Very Short Introduction' Ian Goldin considers the contributions that education, health, gender, equity, and other dimensions of human well-being make to development, and discusses why it is also necessary to include the role of institutions and the rule of law as well as sustainability and environmental concerns.
650 0 _aEconomic development projects
_zDeveloping countries.
_942600
650 0 _aPoor
_zDeveloping countries.
_942390
650 7 _aEconomic development projects.
_2fast
_942601
651 0 _aDeveloping countries
_xEconomic conditions.
_926658
651 7 _aDeveloping countries.
_2fast
_911437
906 _a7
_bcbc
_ccopycat
_d2
_encip
_f20
_gy-gencatlg
942 _2lcc
_cMONOGRAPH